000 00929cab a2200229 4500
001 ABS50733
008 090401t1994 xxu||||| |||| 00| 0 eng d
035 _a(Sirsi) u29310
041 _aeng
100 _aPurdue, M.
245 4 _aThe impact of section 54A
260 _c1994
350 _a0
490 _aJournal of Planning and Environment Law
_vMay 1994, 399-407(9)
520 _aDiscusses the legal framework created by the Town and Country Planning Act 1990 s54a for determinations to be made in accordance with the local development plan, and its wide-ranging impact on the principles of planning. Supports an analysis of the text with examples from caselaw and ministerial decisions and comments on government policy.
650 _aDEVELOPMENT PLANS
650 _aPRESUMPTION
650 _aTOWN AND COUNTRY PLANNING ACT 1990 S54A
690 _aPLANNING LAW AND PRACTICE
942 _n0
948 _c04/03/1997
999 _c19744
_d19744